American Institute of Architects (Record no. 120046)

MARC details
000 -LEADER
fixed length control field 00957cam a2200253 4500
001 - CONTROL NUMBER
control field WS118029
008 - FIXED-LENGTH DATA ELEMENTS--GENERAL INFORMATION
fixed length control field 020517n 000 0 eng u
035 ## - SYSTEM CONTROL NUMBER
System control number (Sirsi) u118029
110 ## - MAIN ENTRY--CORPORATE NAME
Corporate name or jurisdiction name as entry element American Institute of Architects
9 (RLIN) 3839
245 ## - TITLE STATEMENT
Title American Institute of Architects
520 ## - SUMMARY, ETC.
Summary, etc. Web site for this American organisation for architects. Includes a guide to the media sources on the building implications of September 11, directory of members, details of contract documents and their code of ethics and professional conduct.
650 ## - SUBJECT ADDED ENTRY--TOPICAL TERM
Topical term or geographic name entry element USA
650 ## - SUBJECT ADDED ENTRY--TOPICAL TERM
Topical term or geographic name entry element INTERNATIONAL
650 ## - SUBJECT ADDED ENTRY--TOPICAL TERM
Topical term or geographic name entry element ORGANISATION
650 ## - SUBJECT ADDED ENTRY--TOPICAL TERM
Topical term or geographic name entry element ARCHITECTURE
650 ## - SUBJECT ADDED ENTRY--TOPICAL TERM
Topical term or geographic name entry element SEPTEMBER 11 ATTACKS
650 ## - SUBJECT ADDED ENTRY--TOPICAL TERM
Topical term or geographic name entry element WORLD TRADE CENTER
650 ## - SUBJECT ADDED ENTRY--TOPICAL TERM
Topical term or geographic name entry element Contracts
9 (RLIN) 6232
650 ## - SUBJECT ADDED ENTRY--TOPICAL TERM
Topical term or geographic name entry element CODE OF ETHICS
650 ## - SUBJECT ADDED ENTRY--TOPICAL TERM
Topical term or geographic name entry element CODE OF CONDUCT
690 ## - LOCAL SUBJECT ADDED ENTRY--TOPICAL TERM (OCLC, RLIN)
Topical term or geographic name as entry element BUILT ENVIRONMENT-CONSTRUCTION DESIGN
856 40 - ELECTRONIC LOCATION AND ACCESS
Uniform Resource Identifier <a href="https://www.aia.org">https://www.aia.org</a>
Public note View the website free of charge at www.aia.org...
942 ## - ADDED ENTRY ELEMENTS (KOHA)
Suppress in OPAC 0
Holdings
Withdrawn status Lost status Source of classification or shelving scheme Damaged status Not for loan Home library Current library Shelving location Date acquired Total Checkouts Full call number Barcode Date last seen Copy number Price effective from Koha item type
    Dewey Decimal Classification     Virtual Virtual Online 17/05/2002   WEB SITE 118029-2001 06/08/2019 1 06/08/2019 Online material